Atlas gráfico de España Aguilar : 123 mapas y ampliaciones, 58 planos, 19 cuadros estadísticos y mapas temáticos, 948 fotografías en color / dirección, textos y diseño gràfico, Tirso Echeandía 123 mapas y ampliaciones, 58 planos, 19 cuadros estadísticos y mapas temáticos, 948 fotografías en color / dirección, textos y diseño gràfico, Tirso Echeandía
Descripción Física:
506 p. : il., col., amb map., col. ; 40 cm
Otros Autores:
Echeandía, Tirso
Materias:
Espanya -- Mapes
MARC
| LEADER | 00000nam a2200000Ia 4500 | ||
|---|---|---|---|
| 001 | 1654 | ||
| 008 | 160829s1981 xx 000 0 cat d | ||
| 080 | |a FOL-3-92 | ||
| 245 | |a Atlas gráfico de España Aguilar : |b 123 mapas y ampliaciones, 58 planos, 19 cuadros estadísticos y mapas temáticos, 948 fotografías en color / dirección, textos y diseño gràfico, Tirso Echeandía | ||
| 260 | |a Madrid : |b Aguilar, |c 1981 | ||
| 300 | |a 506 p. : |b il., col., amb map., col. ; |c 40 cm | ||
| 650 | |a Espanya |x Mapes |9 39813 | ||
| 700 | 1 | |a Echeandía, Tirso |9 39814 | |
| 901 | |a Arxiu | ||
| 942 | |n 1 | ||
| 952 | |0 0 |1 0 |4 0 |6 FOL392 |7 1 |9 49239 |a Arxiu |b Arxiu |d 2016-12-01 |l 0 |o FOL-3-92 |p 1654 |r 2016-12-01 00:00:00 |w 2016-12-01 |y ARXIU | ||
| 999 | |c 53079 |d 53079 | ||